Top 15 Highest Selling Sports Jerseys of 2013 - Statistics

General Stats
  • This quiz has been taken 212 times
  • The average score is 7 of 15
Answer Stats
# Sport Position Player % Correct
18 Football Quarterback Peyton Manning
95%
6 Basketball Small Forward LeBron James
86%
12 Football Quarterback Tom Brady
61%
24 Basketball Shooting Guard Kobe Bryant
60%
35 Basketball Small Forward Kevin Durant
57%
28 Football Running Back Adrian Peterson
50%
12 Football Quarterback Aaron Rodgers
44%
1 Basketball Point Guard Derrick Rose
40%
66 Baseball Outfielder Yasiel Puig
39%
7 Basketball Small Forward Carmelo Anthony
35%
42 Baseball Pitcher Mariano Rivera
33%
88 Hockey Right Wing Patrick Kane
33%
3 Football Quarterback Russell Wilson
23%
7 Football Quarterback Colin Kaepernick
22%
33 Baseball Pitcher Matt Harvey
3%
No matching quizzes found
Score Distribution
Percent of People with Each Score
Percentile by Number Answered
Your Score History
You have not taken this quiz